[Event "30.Alpenpokal Obersdorf op"]
[Site "Tiefenbach (08.01.-18.01)"]
[Date "2004.??.??"]
[Round "1.29"]
[White "Gerhards, Walter"]
[Black "Wahl, Hedi"]
[Result "1-0"]
[WhiteElo "1814"]
[BlackElo "1422"]
[PlyCount "75"]
[EventDate "2004.01.??"]
[Source "ChessOrg"]
[SourceDate "2005.04.24"]

1. e4 g6 2. d4 d6 3. Nf3 Bg7 4. Nc3 Nc6 5. Be3 Nf6 6. Qd2 Ng4 7. Bg5 h6 8. Bh4
g5 9. Bg3 Nf6 10. O-O-O Bg4 11. h3 Bxf3 12. gxf3 Nd7 13. Qe3 e6 14. Bb5 O-O 15.
h4 f5 16. exf5 exf5 17. Qe6+ Kh8 18. hxg5 Qxg5+ 19. f4 Qe7 20. Qxe7 Nxe7 21.
Bxd7 c6 22. Rhe1 Ng6 23. d5 Rad8 24. dxc6 bxc6 25. Bxc6 Bf6 26. Nd5 Bg7 27. Ne7
Nxe7 28. Rxe7 a5 29. Ra7 Rb8 30. c3 Rbd8 31. Rxa5 Rf7 32. Bh4 Rc8 33. Rxd6 Rfc7
34. Ra6 Bf8 35. Re6 Bg7 36. Bf6 Kh7 37. Ba4 Rg8 38. Bxg7 1-0

[Event "30.Alpenpokal Obersdorf op"]
[Site "Tiefenbach (08.01.-18.01)"]
[Date "2004.??.??"]
[Round "1.31"]
[White "Merkel, Gerd"]
[Black "Luebbers, Doris,Dr."]
[Result "1-0"]
[WhiteElo "2095"]
[BlackElo "1403"]
[PlyCount "109"]
[EventDate "2004.01.??"]
[Source "ChessOrg"]
[SourceDate "2005.04.24"]

1. d4 d5 2. c4 e6 3. Nc3 Nf6 4. Nf3 c6 5. e3 Be7 6. Qc2 Nbd7 7. Be2 b6 8. O-O
O-O 9. Rd1 Bb7 10. b3 Rc8 11. Bb2 Qc7 12. Rac1 Qb8 13. h3 Rfe8 14. e4 dxe4 15.
Nxe4 Nxe4 16. Qxe4 Nf6 17. Qe3 c5 18. Ne5 Be4 19. Nd7 Nxd7 20. Qxe4 Nf8 21.
dxc5 Bxc5 22. Be5 Qa8 23. Qc2 Rcd8 24. Bf3 Qc8 25. Qb2 f6 26. Bc3 Rxd1+ 27.
Rxd1 Rd8 28. Qe2 Rxd1+ 29. Qxd1 Qd7 30. b4 Qxd1+ 31. Bxd1 Bd6 32. Kf1 Kf7 33.
Ke2 Nd7 34. Ba4 Ke7 35. Bb5 Be5 36. Bxe5 Nxe5 37. f4 Nd7 38. Bxd7 Kxd7 39. Kd3
Kd6 40. Kd4 e5+ 41. fxe5+ fxe5+ 42. Ke4 g6 43. g3 h6 44. g4 a6 45. h4 h5 46. g5
a5 47. bxa5 bxa5 48. c5+ Kxc5 49. Kxe5 Kb4 50. Kf6 Ka3 51. Kxg6 Kxa2 52. Kxh5
a4 53. g6 a3 54. g7 Kb2 55. g8=Q 1-0

[Event "30.Alpenpokal Obersdorf op"]
[Site "Tiefenbach (08.01.-18.01)"]
[Date "2004.??.??"]
[Round "2.1"]
[White "Poffers, Adrian"]
[Black "Sakowski, Christian"]
[Result "1-0"]
[WhiteElo "2289"]
[BlackElo "1776"]
[PlyCount "65"]
[EventDate "2004.01.??"]
[Source "ChessOrg"]
[SourceDate "2005.04.24"]

1. c4 c5 2. g3 Nc6 3. Bg2 b6 4. Nc3 Bb7 5. e4 d6 6. Nge2 Nf6 7. d3 g6 8. O-O
Bg7 9. h3 O-O 10. f4 Nd7 11. g4 Nd4 12. Ng3 e6 13. Be3 a6 14. Qd2 Qe7 15. Rae1
Nb8 16. f5 Nbc6 17. g5 f6 18. fxe6 Nxe6 19. Nd5 Qd8 20. gxf6 Bxf6 21. Ne2 Bg7
22. Rxf8+ Bxf8 23. Rf1 Ne5 24. Nef4 Nxf4 25. Nxf4 Bh6 26. b3 Qe7 27. d4 Nd7 28.
e5 Bxg2 29. Qxg2 Rf8 30. Qd5+ Kg7 31. Ne6+ Qxe6 32. Qxe6 Bxe3+ 33. Kg2 1-0

[Event "30.Alpenpokal Obersdorf op"]
[Site "Tiefenbach (08.01.-18.01)"]
[Date "2004.??.??"]
[Round "2.2"]
[White "Wunderer, Eckart"]
[Black "Seidel, Juergen"]
[Result "1/2-1/2"]
[WhiteElo "1973"]
[BlackElo "1898"]
[PlyCount "54"]
[EventDate "2004.01.??"]
[Source "ChessOrg"]
[SourceDate "2005.04.24"]

1. e4 d6 2. d4 Nf6 3. Nc3 c6 4. f4 Qa5 5. Bd3 e5 6. dxe5 dxe5 7. Nf3 Bg4 8.
fxe5 Nfd7 9. Bf4 Nxe5 10. Bxe5 Bxf3 11. Qxf3 Qxe5 12. Bc4 f6 13. O-O-O Bb4 14.
Qd3 (14. Qh3 $5 Bxc3 15. Qc8+ Ke7 16. Qxb7+ Ke8 17. Qf7#) 14... Qc7 15. e5 Bxc3
16. Qxc3 Nd7 17. exf6 gxf6 18. Be6 (18. Rxd7 $1 Qf4+ (18... Kxd7 19. Qxf6) (
18... Qxd7 19. Qxf6 Qe7) 19. Rd2) 18... Ne5 19. Qh3 Rd8 20. Qf5 Qg7 21. Rxd8+
Kxd8 22. Rf1 Rf8 23. g4 Ke7 24. Re1 Kd6 25. Rd1+ Kc7 26. Qe4 Rd8 27. Rxd8 Kxd8
1/2-1/2

[Event "30.Alpenpokal Obersdorf op"]
[Site "Tiefenbach (08.01.-18.01)"]
[Date "2004.??.??"]
[Round "2.3"]
[White "Moehring, Norbert"]
[Black "Johne, Siegfried"]
[Result "1-0"]
[WhiteElo "1812"]
[BlackElo "1828"]
[PlyCount "43"]
[EventDate "2004.01.??"]
[Source "ChessOrg"]
[SourceDate "2005.04.24"]

1. e4 c5 2. Nf3 d6 3. d4 cxd4 4. Nxd4 Nf6 5. Nc3 a6 6. f4 e6 7. Be3 b5 8. a3
Bb7 9. Bd3 Nbd7 10. Nde2 Rc8 11. Ng3 Be7 12. O-O h5 13. h3 h4 14. Nh1 Qc7 15.
Qe2 Nc5 16. Bxc5 Qxc5+ 17. Kh2 Nd7 18. f5 Bf6 19. fxe6 Qe5+ 20. Kg1 Qxe6 21.
Rae1 Bxc3 22. bxc3 1-0

[Event "30.Alpenpokal Obersdorf op"]
[Site "Tiefenbach (08.01.-18.01)"]
[Date "2004.??.??"]
[Round "2.4"]
[White "Spurga, Josef"]
[Black "Schulz, Wolfgang[32Hamb]"]
[Result "1/2-1/2"]
[WhiteElo "1880"]
[BlackElo "2111"]
[PlyCount "113"]
[EventDate "2004.01.??"]
[Source "ChessOrg"]
[SourceDate "2005.04.24"]

1. d4 d6 2. e4 Nf6 3. Nc3 e5 4. dxe5 dxe5 5. Qxd8+ Kxd8 6. Bg5 Bd6 7. O-O-O
Nbd7 8. Bc4 Ke8 9. f3 a6 10. Nge2 h6 11. Be3 Ke7 12. a3 Nc5 13. Rd2 Be6 14.
Bxe6 Nxe6 15. Bf2 c6 16. Bb6 Nd7 17. Bf2 Bc7 18. Rhd1 Rhd8 19. Ng3 g6 20. Nf1
b5 21. g3 a5 22. Ne3 b4 23. Ncd5+ cxd5 24. Nxd5+ Ke8 25. Be3 g5 26. h4 bxa3 27.
bxa3 Bd6 28. Kb2 Rab8+ 29. Ka2 Bc5 30. Bxc5 Ndxc5 31. hxg5 hxg5 32. Rh2 f5 33.
Rh7 Rxd5 34. Rxd5 Na4 35. Rh8+ Nf8 36. Rxe5+ Kd7 37. Rh1 Rb2+ 38. Ka1 Rxc2 39.
Rd5+ Kc7 40. Rhd1 fxe4 41. fxe4 Nc3 42. R1d2 Rxd2 43. Rxd2 Nxe4 44. Rd5 Ne6 45.
Rxa5 Nxg3 46. Kb2 Ne4 47. Rxg5 N6xg5 48. Kc2 Nc5 49. Kc3 Nge6 50. Kd2 Na4 51.
Ke3 Kd6 52. Ke4 Nac5+ 53. Ke3 Ke5 54. a4 Nd4 55. a5 Nf5+ 56. Kf3 Na6 57. Kg4
1/2-1/2

[Event "30.Alpenpokal Obersdorf op"]
[Site "Tiefenbach (08.01.-18.01)"]
[Date "2004.??.??"]
[Round "2.5"]
[White "Boeven, Manfred"]
[Black "Gerhards, Walter"]
[Result "1-0"]
[WhiteElo "2020"]
[BlackElo "1814"]
[PlyCount "121"]
[EventDate "2004.01.??"]
[Source "ChessOrg"]
[SourceDate "2005.04.24"]

1. d4 Nf6 2. Nc3 d5 3. Bg5 Bf5 4. f3 Nbd7 5. g4 Bg6 6. h4 h5 7. Bxf6 Nxf6 8. g5
Ng8 9. e3 e6 10. Bd3 Bxd3 11. Qxd3 Qd7 12. O-O-O O-O-O 13. e4 Bb4 14. Nge2 Ne7
15. Nf4 Kb8 16. a3 Ba5 17. Rhg1 c6 18. Nce2 g6 19. Qe3 Nc8 20. c3 Nd6 21. Nd3
Nc4 22. Qf4+ Bc7 23. e5 b6 24. Kc2 a5 25. Ra1 a4 26. Rgb1 Qe7 27. Nb4 Kb7 28.
b3 axb3+ 29. Rxb3 Ra8 30. Nc1 Na5 31. Rbb1 Kc8 32. Nb3 Kd7 33. Nxa5 Rxa5 34.
Qf6 Qxf6 35. gxf6 Rha8 36. Kb2 R8a7 37. Nd3 c5 38. f4 Kc6 39. Ne1 Ra4 40. Nc2
R7a5 41. Kc1 Rb5 42. Kd2 Bb8 43. Rxb5 Kxb5 44. Rb1+ Kc6 45. dxc5 Rxf4 46. Rxb6+
Kc7 47. Rb4 Rf2+ 48. Kd3 Ba7 49. Rb5 Rf3+ 50. Kd2 Rf5 51. Ra5 Bb8 52. Nd4 Rxe5
53. c6 Re4 54. Rb5 Kc8 55. Rb7 Be5 56. Rxf7 Bxd4 57. cxd4 Rxd4+ 58. Ke3 e5 59.
Rf8+ Kc7 60. f7 Rf4 61. Ra8 1-0

[Event "30.Alpenpokal Obersdorf op"]
[Site "Tiefenbach (08.01.-18.01)"]
[Date "2004.??.??"]
[Round "2.6"]
[White "Boehm, Karl[33Vahr]"]
[Black "Emde, Rainer"]
[Result "0-1"]
[WhiteElo "1595"]
[BlackElo "1995"]
[PlyCount "102"]
[EventDate "2004.01.??"]
[Source "ChessOrg"]
[SourceDate "2005.04.24"]

1. d4 d5 2. Nf3 e6 3. c4 c5 4. dxc5 Bxc5 5. cxd5 exd5 6. e3 Nf6 7. Be2 O-O 8.
O-O Nc6 9. a3 a6 10. b4 Ba7 11. Bb2 Re8 12. Nbd2 Qe7 13. Re1 Bd7 14. Nb3 Ne4
15. Nbd4 Ne5 16. Nxe5 Qxe5 17. Rb1 Qd6 $2 (17... Nxf2 18. Kxf2 Qxe3+ 19. Kf1
Re4 20. Bf3 Bb5+ 21. Re2 Bxd4 22. Bxd4 Rxd4) 18. Bg4 Bb8 19. f4 (19. Bxd7 {
muss man starke Nerven haben} 19... Qxh2+ 20. Kf1 Bg3 21. Bxe8 Qh1+ 22. Ke2
Qxg2 23. Bd7 Bxf2) 19... Ba7 20. Bxd7 Qxd7 21. Rc1 Rac8 22. Rxc8 Rxc8 23. Qd3
Rc4 24. Rc1 Bxd4 25. exd4 Rxc1+ 26. Bxc1 Qc6 27. Bb2 f5 28. g3 Kf7 29. Kg2 Ke6
30. h3 g6 31. Kf3 Qc4 32. Qxc4 dxc4 33. g4 Kd5 34. Ke3 Nd6 35. a4 b5 36. a5 Ne4
37. gxf5 gxf5 38. h4 c3 39. Ba3 Kc4 40. h5 Kb3 41. Bc1 Kxb4 42. Kd3 Kxa5 43. d5
Kb4 44. Kd4 a5 45. Ke5 a4 46. Kxf5 a3 47. Kxe4 a2 48. d6 a1=Q 49. d7 Qa8+ 50.
Ke5 Kc5 51. Ba3+ b4 0-1

[Event "30.Alpenpokal Obersdorf op"]
[Site "Tiefenbach (08.01.-18.01)"]
[Date "2004.??.??"]
[Round "2.8"]
[White "Hiller, Joachim[42Deidesh]"]
[Black "Pragua, Christoph"]
[Result "1/2-1/2"]
[WhiteElo "1880"]
[BlackElo "2059"]
[PlyCount "70"]
[EventDate "2004.01.??"]
[Source "ChessOrg"]
[SourceDate "2005.04.24"]

1. d4 Nf6 2. Nf3 g6 3. Bf4 Bg7 4. h3 O-O 5. Nbd2 d6 6. e4 Nfd7 7. c3 e5 8. dxe5
dxe5 9. Bg5 Qe8 10. Bc4 Nc5 11. O-O Be6 12. Qc2 Nc6 13. b4 Bxc4 14. Nxc4 Ne6
15. Be3 a6 16. a4 b5 17. axb5 axb5 18. Nb2 Qc8 19. Nd3 Qb7 20. Ng5 Ncd8 21. Nc5
Nxc5 22. Bxc5 Re8 23. Rxa8 Qxa8 24. Qd3 Qc6 25. Rd1 Bf6 26. Nf3 Ne6 27. Qd7
Qxd7 28. Rxd7 Ra8 29. Be7 Ra1+ 30. Kh2 Kg7 31. g4 Rc1 32. Bxf6+ Kxf6 33. g5+
Nxg5 34. Nxg5 Kxg5 35. Rxc7 Kf4 1/2-1/2

[Event "30.Alpenpokal Obersdorf op"]
[Site "Tiefenbach (08.01.-18.01)"]
[Date "2004.??.??"]
[Round "2.9"]
[White "Blosze, Winfried"]
[Black "Koops, Randolf"]
[Result "1-0"]
[WhiteElo "1730"]
[BlackElo "2050"]
[PlyCount "49"]
[EventDate "2004.01.??"]
[Source "ChessOrg"]
[SourceDate "2005.04.24"]

1. e4 Nc6 2. d4 e5 3. dxe5 Nxe5 4. f4 Ng6 5. Be3 d6 6. Nc3 Nf6 7. h3 Qe7 8. Qd3
Bd7 9. O-O-O a6 10. Nd5 Nxd5 11. exd5 Bf5 12. Qb3 O-O-O 13. Nf3 Re8 14. Re1 Qd7
15. Nd4 Ne7 16. Bd2 h5 17. Qa3 g5 18. Bxa6 bxa6 19. Qxa6+ Kd8 20. Re3 Bg7 21.
Bc3 gxf4 22. Rxe7 Kxe7 23. Nxf5+ Qxf5 24. Bxg7 Rhg8 25. Re1+ 1-0

[Event "30.Alpenpokal Obersdorf op"]
[Site "Tiefenbach (08.01.-18.01)"]
[Date "2004.??.??"]
[Round "2.10"]
[White "Klempt, Guenter"]
[Black "Heissenbuettel, Hans-Erich"]
[Result "1/2-1/2"]
[WhiteElo "1894"]
[BlackElo "1900"]
[PlyCount "31"]
[EventDate "2004.01.??"]
[Source "ChessOrg"]
[SourceDate "2005.04.24"]

1. d4 d6 2. e4 e5 3. Nf3 Nc6 4. Bc4 Be7 5. c3 Nf6 6. d5 Nb8 7. Bd3 a5 8. Be3
Ng4 9. Bd2 Na6 10. b4 Bd7 11. h3 Nf6 12. Qb3 b6 13. Be3 O-O 14. Nbd2 Ne8 15.
Nc4 axb4 16. cxb4 1/2-1/2

[Event "30.Alpenpokal Obersdorf op"]
[Site "Tiefenbach (08.01.-18.01)"]
[Date "2004.??.??"]
[Round "2.11"]
[White "Meyer, Susanne[53Huck'e]"]
[Black "Schlierkamp, Ferdinand"]
[Result "0-1"]
[WhiteElo "1572"]
[BlackElo "2070"]
[PlyCount "74"]
[EventDate "2004.01.??"]
[Source "ChessOrg"]
[SourceDate "2005.04.24"]

1. e4 c5 2. Nf3 d6 3. d4 cxd4 4. Nxd4 Nf6 5. Nc3 a6 6. f4 e6 7. Be3 b5 8. a3
Bb7 9. Bd3 Nbd7 10. Nde2 Rc8 11. Ng3 Be7 12. O-O h5 13. h3 h4 14. Nh1 Qc7 15.
Qe2 Nc5 16. Bxc5 Qxc5+ 17. Kh2 Nd7 18. f5 Bf6 19. fxe6 Qe5+ 20. Kg1 Qxe6 21.
Rae1 Bxc3 22. bxc3 Rxc3 23. a4 Ne5 24. axb5 Nxd3 25. cxd3 axb5 26. Qb2 Qb3 27.
Qf2 O-O 28. Qxh4 Rxd3 29. Nf2 Rd2 30. Qe7 Bc6 31. Rc1 Rc2 32. Rxc2 Qxc2 33.
Qxd6 Bxe4 34. Nxe4 Qxe4 35. Rf4 Qe3+ 36. Kh2 Qe6 37. Qd3 Rb8 0-1

[Event "30.Alpenpokal Obersdorf op"]
[Site "Tiefenbach (08.01.-18.01)"]
[Date "2004.??.??"]
[Round "2.12"]
[White "Auf'm Wasser, Guenter"]
[Black "Jolowicz, Matias,Dr."]
[Result "0-1"]
[WhiteElo "1614"]
[BlackElo "2133"]
[PlyCount "48"]
[EventDate "2004.01.??"]
[Source "ChessOrg"]
[SourceDate "2005.04.24"]

1. f4 g6 2. d4 Bg7 3. e3 Nf6 4. Nf3 O-O 5. Bd3 d6 6. O-O Nc6 7. c3 e5 8. e4
exd4 9. Nxd4 Re8 10. Nxc6 bxc6 11. Qc2 Qe7 12. f5 Nxe4 13. fxg6 hxg6 14. Nd2
Nc5 15. Nf3 Nxd3 16. Qxd3 Bf5 17. Qc4 Qe4 18. Qb3 Qd5 19. Qa3 Re2 20. Bf4 Qe4
21. Rae1 Rxe1 22. Nxe1 Be6 23. Bc1 Bc4 24. Qa4 Re8 0-1

[Event "30.Alpenpokal Obersdorf op"]
[Site "Tiefenbach (08.01.-18.01)"]
[Date "2004.??.??"]
[Round "2.13"]
[White "Wahl, Frithjof,Dr."]
[Black "Wempe, Juergen"]
[Result "1/2-1/2"]
[WhiteElo "2009"]
[BlackElo "2113"]
[PlyCount "29"]
[EventDate "2004.01.??"]
[Source "ChessOrg"]
[SourceDate "2005.04.24"]

1. e4 c5 2. Nc3 e6 3. g3 d5 4. exd5 exd5 5. d4 Be6 6. Bg2 cxd4 7. Qxd4 Nc6 8.
Qa4 a6 9. Nge2 b5 10. Qf4 b4 11. Nd1 Nf6 12. O-O Rc8 13. c3 Be7 14. Nd4 O-O 15.
Nxe6 1/2-1/2

[Event "30.Alpenpokal Obersdorf op"]
[Site "Tiefenbach (08.01.-18.01)"]
[Date "2004.??.??"]
[Round "2.14"]
[White "Poell, Guenter"]
[Black "Maugg, Ludwig"]
[Result "1/2-1/2"]
[WhiteElo "1765"]
[BlackElo "2028"]
[PlyCount "57"]
[EventDate "2004.01.??"]
[Source "ChessOrg"]
[SourceDate "2005.04.24"]

1. f4 Nf6 2. Nf3 g6 3. e3 Bg7 4. Be2 d6 5. O-O O-O 6. d4 Nbd7 7. c3 b6 8. Ng5
h6 9. Bf3 d5 10. Nh3 Bb7 11. Nf2 c5 12. Nd2 Qc7 13. g3 Rad8 14. a3 Rfe8 15. Bg2
Nf8 16. Nf3 Ne4 17. Nxe4 dxe4 18. Ne5 f6 19. Ng4 h5 20. Nf2 f5 21. Bd2 Qd7 22.
Qc2 Rc8 23. Qb3+ Bd5 24. c4 Bf7 25. d5 e6 26. dxe6 Qxe6 27. Rac1 Rcd8 28. Rfd1
Nh7 29. Bf1 1/2-1/2

[Event "30.Alpenpokal Obersdorf op"]
[Site "Tiefenbach (08.01.-18.01)"]
[Date "2004.??.??"]
[Round "2.15"]
[White "Siegmund, Rainer"]
[Black "Schenfeld, Waldemar"]
[Result "1-0"]
[WhiteElo "1960"]
[BlackElo "1538"]
[PlyCount "73"]
[EventDate "2004.01.??"]
[Source "ChessOrg"]
[SourceDate "2005.04.24"]

1. d4 d5 2. c4 c6 3. Nf3 Nf6 4. Nc3 Bg4 5. Ne5 Nbd7 6. Nxg4 Nxg4 7. e4 Ngf6 8.
cxd5 cxd5 9. e5 Ne4 10. Nxe4 dxe4 11. Bc4 e6 12. O-O a6 13. Re1 Rc8 14. Bb3 Nb6
15. Rxe4 Be7 16. Rg4 g6 17. Bh6 Nc4 18. Qe2 b5 19. Rd1 a5 20. a4 Qb6 21. Rc1
Nd6 22. exd6 Rxc1+ 23. Bxc1 Bxd6 24. Qxb5+ Qxb5 25. axb5 Ke7 26. Re4 a4 27.
Bxa4 Ra8 28. b3 Rc8 29. Re1 Bb4 30. Rd1 Rc2 31. Be3 Bd6 32. g3 h5 33. Rc1 Ra2
34. b6 f6 35. h4 e5 36. dxe5 Bxe5 37. b7 1-0

[Event "30.Alpenpokal Obersdorf op"]
[Site "Tiefenbach (08.01.-18.01)"]
[Date "2004.??.??"]
[Round "2.16"]
[White "Froehlich, Rainer[37Sonth]"]
[Black "Aigner, Georg"]
[Result "1-0"]
[WhiteElo "1980"]
[BlackElo "1816"]
[PlyCount "69"]
[EventDate "2004.01.??"]
[Source "ChessOrg"]
[SourceDate "2005.04.24"]

1. c4 e5 2. Nc3 Nf6 3. g3 d5 4. cxd5 Nxd5 5. Bg2 c6 6. Nf3 Nxc3 7. bxc3 Bd6 8.
O-O Bg4 9. d4 Nd7 10. Rb1 Rb8 11. Qa4 Bf5 12. Ra1 O-O 13. Nh4 Be6 14. e4 Qc7
15. Ba3 Bxa3 16. Qxa3 Nf6 17. Rfe1 Rfd8 18. Nf3 Nd7 19. Rad1 exd4 20. cxd4 Bg4
21. h3 Bxf3 22. Bxf3 Re8 23. Rc1 b6 24. Qc3 c5 25. Bg4 Nf6 26. Bf3 Qd7 27. dxc5
Rbc8 28. c6 Qxh3 29. e5 Ng4 30. Bxg4 Qxg4 31. Red1 Qe6 32. c7 Qxe5 33. Qxe5
Rxe5 34. Rd8+ Rxd8 35. cxd8=Q+ 1-0

[Event "30.Alpenpokal Obersdorf op"]
[Site "Tiefenbach (08.01.-18.01)"]
[Date "2004.??.??"]
[Round "2.17"]
[White "Hoffmann, Reinhold[32Wadg]"]
[Black "Zuri, Rahim"]
[Result "0-1"]
[WhiteElo "1804"]
[BlackElo "1787"]
[PlyCount "59"]
[EventDate "2004.01.??"]
[Source "ChessOrg"]
[SourceDate "2005.04.24"]

1. Nf3 c5 2. e4 g6 3. Nc3 Bg7 4. Bc4 e6 5. Qe2 Ne7 6. d3 a6 7. a4 O-O 8. O-O
Nbc6 9. Bg5 Qa5 10. Qd2 Re8 11. Rfe1 d6 12. h4 Nd4 13. Rac1 Bd7 14. Bh6 Nxf3+
15. gxf3 Bxa4 16. Bxg7 Kxg7 17. Qf4 Bc6 18. Qxd6 b5 19. Qe5+ Kg8 20. Bb3 Qb6
21. h5 Qb8 22. Qf6 gxh5 23. f4 Ng6 24. f5 Qf4 25. Re3 Qe5 26. Qg5 Kh8 27. Rh3
Rg8 28. Rg3 b4 29. Kf1 bxc3 30. bxc3 0-1

[Event "30.Alpenpokal Obersdorf op"]
[Site "Tiefenbach (08.01.-18.01)"]
[Date "2004.??.??"]
[Round "2.19"]
[White "Schulz, Toni,Prof.Dr[48]"]
[Black "Poehler, Margit"]
[Result "0-1"]
[WhiteElo "1854"]
[BlackElo "1765"]
[PlyCount "84"]
[EventDate "2004.01.??"]
[Source "ChessOrg"]
[SourceDate "2005.04.24"]

1. e4 d6 2. d4 g6 3. Nc3 Bg7 4. Bc4 Nc6 5. Nge2 e5 6. dxe5 Nxe5 7. Bb3 Be6 8.
Bxe6 fxe6 9. O-O Ne7 10. Nf4 Qd7 11. Qe2 a6 12. Nd3 Nxd3 13. Qxd3 O-O-O 14. Bg5
h6 15. Bxe7 Qxe7 16. Rae1 g5 17. Ne2 h5 18. c3 h4 19. Nd4 g4 20. Qc4 Rde8 21.
b4 Be5 22. f4 gxf3 23. Rxf3 d5 24. Qd3 Qd6 25. h3 Bg3 26. Ref1 Qb6 27. exd5 e5
28. Rf6 Qa7 29. d6 cxd6 30. Rf7 Qb6 31. a4 exd4 32. a5 Qc6 33. Qxd4 Kb8 34. c4
Qe4 35. Qb6 Qe3+ 36. Kh1 Qxb6 37. axb6 Kc8 38. Kg1 Re4 39. Rc1 Rhe8 40. Rc7+
Kd8 41. Rf7 Re1+ 42. Rf1 Rxc1 0-1

[Event "30.Alpenpokal Obersdorf op"]
[Site "Tiefenbach (08.01.-18.01)"]
[Date "2004.??.??"]
[Round "2.20"]
[White "Borries, Barbara"]
[Black "Doehner, Hans-Juergen,Prof."]
[Result "1-0"]
[WhiteElo "1703"]
[BlackElo "1912"]
[PlyCount "117"]
[EventDate "2004.01.??"]
[Source "ChessOrg"]
[SourceDate "2005.04.24"]

1. e4 e5 2. Nf3 Nc6 3. Bb5 a6 4. Bxc6 dxc6 5. O-O f6 6. d3 Bg4 7. Be3 Qd7 8.
Nbd2 c5 9. a4 b6 10. b3 Ne7 11. Qb1 Nc6 12. h3 Be6 13. Nh2 g5 14. Qd1 h5 15.
Re1 Be7 16. Ndf1 O-O-O 17. Qd2 Kb7 18. Qc3 c4 19. Red1 Bb4 20. Qb2 c3 21. Qc1
a5 22. Re1 h4 23. f3 Rhg8 24. Bf2 Nd4 25. Ng4 Be7 26. Nfe3 Bxb3 27. cxb3 Nxb3
28. Qxc3 Nxa1 29. Rxa1 Bb4 30. Qc4 Rgf8 31. Nd5 Qd6 32. Rc1 c5 33. Qb5 Rc8 34.
Nge3 Rc6 35. Nc4 Qe6 36. Nxb4 axb4 37. Na5+ Kc7 38. Nxc6 Qxc6 39. Qxc6+ Kxc6
40. a5 Rc8 41. axb6 Kxb6 42. Kf1 Kb5 43. Ke2 b3 44. Rb1 Ka4 45. Be1 c4 46. Bc3
Kb5 47. dxc4+ Kxc4 48. Rc1 Kb5 49. Bb2 Ra8 50. Kd3 Kb4 51. Rc4+ Kb5 52. Kc3 Rd8
53. Kxb3 Rd3+ 54. Rc3 Rd2 55. Rc2 Rd3+ 56. Bc3 Rd1 57. Rd2 Rb1+ 58. Bb2 Rg1 59.
Ba3 1-0

[Event "30.Alpenpokal Obersdorf op"]
[Site "Tiefenbach (08.01.-18.01)"]
[Date "2004.??.??"]
[Round "2.21"]
[White "Witte, Ronald"]
[Black "Winter, Rudolf[29GGerau]"]
[Result "1/2-1/2"]
[WhiteElo "1963"]
[BlackElo "1687"]
[PlyCount "75"]
[EventDate "2004.01.??"]
[Source "ChessOrg"]
[SourceDate "2005.04.24"]

1. d4 e6 2. c4 d5 3. Nc3 Nf6 4. Nf3 Nbd7 5. Bg5 Be7 6. e3 O-O 7. Qc2 c5 8. cxd5
cxd4 9. Nxd4 Nxd5 10. Bxe7 Nxe7 11. Bd3 Nf6 12. O-O a6 13. Rfd1 Bd7 14. Nf3 Qc7
15. Ne4 Qxc2 16. Nxf6+ gxf6 17. Bxc2 Bc6 18. Nd4 Rfd8 19. h3 f5 20. Rac1 Bd5
21. Bb3 Rac8 22. Bxd5 Nxd5 23. a3 Ne7 24. Nb3 Rxd1+ 25. Rxd1 Nd5 26. Rc1 Rxc1+
27. Nxc1 Kg7 28. Kf1 Kf6 29. Ke2 h5 30. h4 b6 31. Nd3 e5 32. f4 e4 33. Ne5 a5
34. Nc4 a4 35. Ne5 b5 36. Kd2 Ke6 37. Nc6 b4 38. Nd4+ 1/2-1/2

[Event "30.Alpenpokal Obersdorf op"]
[Site "Tiefenbach (08.01.-18.01)"]
[Date "2004.??.??"]
[Round "2.22"]
[White "Kycler, Jan"]
[Black "Reinke, Kurt[39Benrath]"]
[Result "1/2-1/2"]
[WhiteElo "1762"]
[BlackElo "1812"]
[PlyCount "85"]
[EventDate "2004.01.??"]
[Source "ChessOrg"]
[SourceDate "2005.04.24"]

1. Nf3 d5 2. d4 Nf6 3. Bf4 c6 4. e3 e6 5. c4 Bb4+ 6. Nc3 Ne4 7. Qb3 Qa5 8. Rc1
Bxc3+ 9. bxc3 Nd7 10. Be2 O-O 11. O-O h6 12. Rfd1 g5 13. Bg3 Nxg3 14. hxg3 Qd8
15. cxd5 exd5 16. c4 dxc4 17. Bxc4 Nb6 18. Rd2 Nxc4 19. Qxc4 Be6 20. Qa4 Bd5
21. Rb2 Qe7 22. Qc2 Rfb8 23. Qf5 f6 24. Qg6+ Qg7 25. Qxg7+ Kxg7 26. Nd2 f5 27.
f3 Kf6 28. a3 Ke7 29. Kf2 h5 30. e4 fxe4 31. fxe4 Be6 32. Rc5 Kf6 33. Nf3 g4
34. Nh4 Bf7 35. Nf5 Bg6 36. Nd6 Ke7 37. e5 a6 38. Rxb7+ Rxb7 39. Nxb7 Be4 40.
Ra5 Rb8 41. Nc5 Rb2+ 42. Ke3 Bxg2 43. Rxa6 1/2-1/2

[Event "30.Alpenpokal Obersdorf op"]
[Site "Tiefenbach (08.01.-18.01)"]
[Date "2004.??.??"]
[Round "2.23"]
[White "Josting, Friedel"]
[Black "Tauscher, Max"]
[Result "1-0"]
[WhiteElo "1845"]
[BlackElo "1604"]
[PlyCount "47"]
[EventDate "2004.01.??"]
[Source "ChessOrg"]
[SourceDate "2005.04.24"]

1. c4 e5 2. Nc3 Nf6 3. g3 c6 4. e4 d6 5. d3 h6 6. Bg2 Bg4 7. Nge2 Qc8 8. h3 Be6
9. Be3 Be7 10. Qd2 Na6 11. f4 exf4 12. Nxf4 Bd7 13. Qe2 Nc7 14. Nh5 Ne6 15. d4
Qd8 16. O-O Nxh5 17. Qxh5 Bf6 18. e5 dxe5 19. dxe5 g6 20. Qf3 Ng5 21. Bxg5 hxg5
22. Ne4 Be6 23. Nxf6+ Ke7 24. Qa3+ 1-0

[Event "30.Alpenpokal Obersdorf op"]
[Site "Tiefenbach (08.01.-18.01)"]
[Date "2004.??.??"]
[Round "2.24"]
[White "Fischer, Paul[37Hiltrup]"]
[Black "Kahler, Kurt"]
[Result "0-1"]
[WhiteElo "1740"]
[BlackElo "1712"]
[PlyCount "80"]
[EventDate "2004.01.??"]
[Source "ChessOrg"]
[SourceDate "2005.04.24"]

1. Nc3 e5 2. Nf3 Nc6 3. d4 exd4 4. Nxd4 Bc5 5. Nf5 Qf6 6. e4 Nge7 7. Qg4 Nxf5
8. Bg5 Bxf2+ (8... Nh6 $1 9. Qg3 (9. Bxf6 Nxg4) 9... Bxf2+ 10. Qxf2 Qxg5) 9.
Kxf2 Qd4+ 10. Ke1 d6 11. Rd1 Qb4 12. Bf4 Qxb2 13. Nd5 Nfd4 14. Nxc7+ Kd8 15.
Qg3 Nxc2+ 16. Kf2 Qb6+ 17. Ke2 N6d4+ 18. Kd2 Qxc7 19. Qxg7 Qa5+ 20. Kc1 Qa3+
21. Kb1 Qb4+ 22. Kc1 Qc5 23. Qf6+ Kc7 24. Qxf7+ Bd7 25. Qd5 Qxd5 26. exd5 Rhf8
27. Bh6 Rf2 28. Bg7 Nb5 29. Rd2 Rxd2 30. Kxd2 Nb4 31. a4 Na3 32. Be2 b5 33.
Rc1+ Kb7 34. Ra1 Nc4+ 35. Bxc4 bxc4 36. Rh1 a5 37. Kc3 Bxa4 38. Kxc4 Rc8+ 39.
Kd4 Bb5 40. Ke4 Bd3+ 0-1

[Event "30.Alpenpokal Obersdorf op"]
[Site "Tiefenbach (08.01.-18.01)"]
[Date "2004.??.??"]
[Round "2.25"]
[White "Meyer, Thomas[52Tübing]"]
[Black "Angerer, Martin"]
[Result "0-1"]
[WhiteElo "1598"]
[BlackElo "1930"]
[PlyCount "46"]
[EventDate "2004.01.??"]
[Source "ChessOrg"]
[SourceDate "2005.04.24"]

1. d4 Nf6 2. c4 c5 3. d5 b5 4. cxb5 a6 5. b6 e6 6. Nc3 Nxd5 7. Nxd5 exd5 8.
Qxd5 Nc6 9. g3 Qxb6 10. Bg2 Be7 11. Nf3 Rb8 12. O-O O-O 13. Bf4 d6 14. Rab1 Be6
15. Qd2 Bxa2 16. Rbc1 Be6 17. Ng5 Bxg5 18. Bxg5 Nd4 19. Qd3 Qxb2 20. Rfe1 c4
21. Qd2 Qxd2 22. Bxd2 Rb2 23. Rcd1 c3 0-1

[Event "30.Alpenpokal Obersdorf op"]
[Site "Tiefenbach (08.01.-18.01)"]
[Date "2004.??.??"]
[Round "2.27"]
[White "Schulz, Hermann[35Ülzen]"]
[Black "Pruess, Martin"]
[Result "0-1"]
[WhiteElo "1611"]
[BlackElo "1827"]
[PlyCount "76"]
[EventDate "2004.01.??"]
[Source "ChessOrg"]
[SourceDate "2005.04.24"]

1. e4 d6 2. d4 Nf6 3. Nc3 g6 4. Nf3 Bg7 5. Bd3 O-O 6. O-O Nbd7 7. Bg5 e5 8. Qd2
Re8 9. Rfe1 c6 10. Bc4 Qc7 11. Rad1 Nb6 12. Bb3 Bg4 13. dxe5 dxe5 14. Qe3 Nh5
15. h3 Be6 16. Qc1 Nd7 17. Be3 Nf8 18. Bxe6 Nxe6 19. g3 b6 20. Rd3 Rad8 21.
Red1 Rxd3 22. Rxd3 Bf8 23. Qd1 Rd8 24. Rxd8 Nxd8 25. Kg2 Ne6 26. Qd2 Nf6 27.
Ne1 Bb4 28. f3 Bc5 29. Bxc5 Nxc5 30. b4 Ne6 31. Ne2 h5 32. a4 Kg7 33. Qd3 h4
34. g4 c5 35. b5 c4 36. Qd2 Qc5 37. g5 Nh7 38. Qd5 Nhxg5 0-1